Michael Schumacher - Choix Multiples - Statistiques

Statistiques générales
  • Ce quiz a été pris 40 fois
  • Le résultat moyen est 9 sur 15
Statistiques - réponses
Question Réponse % Correct
Quelle est la nationalité de Michael Schumacher ? Allemande
95%
Avec quelle écurie, Michael Schumacher a-t-il remporté 72 victoires et ses 5 derniers titres ? Ferrari
95%
Avec quelle écurie, gagne-t-il ses deux premiers titres en F1 ? Benetton
82%
Avec quel autre pilote compte-t-il le même nombre de titres mondiaux (7) ? Lewis Hamilton
82%
Comment se nomme son frère, lui même en F1 en 1997 ? Ralf
82%
Pour quel film d'animation prête-t-il sa voie ? Cars
76%
Pour quelle écurie, Michael Schumacher décide de reprendre la compétition 3 ans après avoir pris sa retraite ? Mercedes
66%
Combien a-t-il gagné de Victoires en F1 ? 91
61%
Quelle fondation a-t-il créer avec Jean Todt son directeur de course ? L'institut du cerveau et de la moelle épinière
61%
Dans quelle ville est il né le 3 Janvier 1969 ? Hürth-Hermülheim
47%
Mis a part Schumi, quel était son autre grand surnom ? Le Kaiser
47%
En 2013, dans quelle station de ski française connaît-il un grave accident de ski ? Méribel
47%
Dans quel écurie, il participe à sa toute première course en Formule 1 ? Jordan
45%
Quelle collection possédait-il en 17 exemplaires ? Fiat 500
26%
Quel circuit du championnat du monde à renommé son premier virage en son honneur ? Sakhir (Bahreïn)
8%
Aucun quiz correspondant
Distribution des résultats
% des personnes avec chaque résultat
Percentile par nombre de réponses
Votre historique - résultats
Vous n’avez pas pris ce quiz